000 00854nam a2200229 i 4500
001 65390
003 ES-MaACL
005 20230906165347.0
007 t|
008 040112s1910 sp ||||1| spa d
080 _a338.5:663/664(460.27 M.)
100 1 _aFrancos Rodríguez, José,
_d1862-1931
_952286
245 1 0 _aAbastecimiento de subsistencias en Madrid :
_binforme del Excmo. Sr. alcalde presidente, Don José Francos Rodríguez.
260 _aMadrid :
_b[Ayuntamiento de Madrid],
_c1910 (
_fImp. Municipal)
300 _a46 p. ;
_c23 cm.
530 _aDisponible en formato digital.
650 4 _aAlimentos-
_xPrecios-
_zMadrid.
_9161677
710 1 _aMadrid.
_bAyuntamiento
_9234069
852 _aES-MaACL
_jT-1242-F-6
856 _uhttp://bdh-rd.bne.es/viewer.vm?id=0000243065&page=1
_zBiblioteca Digital Hispánica
999 _c65390
_d65390